Herba khazanah Negeri Perak : Edisi I

Bibliographic Details
Format: Book
Published: Perak : Jabatan Perhutanan Negeri Perak , 2011
Subjects:

MARC

LEADER 00000cam a2200000 7i4500
001 0000003958
005 20121108.0
090 0 0 |a 615.321   |b PER 
245 1 0 |a Herba khazanah Negeri Perak : Edisi I 
260 0 0 |a Perak :   |b Jabatan Perhutanan Negeri Perak ,   |c 2011 
300 |a iv, 75 p. :   |b ili. col. ;   |c 21cm. 
650 0 0 |a Herbs---Perak 
999 |a 007738   |b Monograph   |c Open Shelf   |e Default branch